The Good Dinosaur - Characters by Picture - Statistics

General Stats
  • This quiz has been taken 39 times
  • The average score is 6 of 16
Answer Stats
Picture Answer % Correct
Arlo
100%
Spot
88%
Butch
50%
Buck
44%
Ramsey
38%
Libby
31%
Momma Ida
31%
Poppa Henry
31%
Thunderclap
31%
Downpour
25%
Forrest Woodbush
25%
Nash
25%
Buddha
13%
Earl
13%
Lurleane
13%
Pervis
13%
No matching quizzes found
Score Distribution
Percent of People with Each Score
Percentile by Number Answered
Your Score History
You have not taken this quiz